Top 15 der betroffenen Covid-19-Länder - 15. Dezember 2021 - Statistiken

Allgemein
  • Dieses Quiz wurde 21 mal gespielt
  • Das Durchschnittsergebnis liegt bei 13 aus 28
Antwortstatistiken
Land % Korrekt
Vereinigte Staaten
95%
Deutschland
90%
Italien
90%
Frankreich
86%
Indien
76%
Spanien
76%
Vereinigtes Königreich
71%
Brasilien
67%
Mexiko
67%
Russland
67%
Argentinien
52%
Belgien
52%
Niederlande
52%
Türkei
48%
Indonesien
38%
Kolumbien
38%
Slowakei
29%
Slowenien
29%
Tschechien
29%
Iran
24%
Kroatien
24%
Serbien
24%
Estland
14%
Georgien
14%
Israel
14%
Lettland
14%
Litauen
14%
Bahrain
10%
Keine übereinstimmenden Quizze gefunden
Verteilung der Resultate
Anzahl Personen mit jedem Resultat
Perzentil nach korrekt beantworteten Fragen
Ihre Resultats-Entwicklung
Sie haben dieses Quiz noch nicht gespielt